000 00539nam a22001937a 4500
999 _c190290
_d190290
005 20220721151313.0
010 _aENG-133807
020 _a9781615993932
_c1174.00
035 _aEN-117339
037 _bDBAD/PUB
082 _aS
100 _aDominic, K.V.
245 _aSanchita karma and other tales of ethics and choice from India /
_cby K.V. Dominic
250 _a
260 _aMI
_bModern History Press
_c2018
270 _a5145 Pontiac Trail, Ann Arbor
_bMI
_e48105
300 _a130p.
_c23cm(pbk)
942 _2ddc
_cEN
_hS
_mDOM